000 00412ntaaa2200169 4500
003 01
005 20251027201918.0
008 0714s1973 ag 01
040 _aAR-BaBN
_bspa
_cAR-BaBN
_eaacr
_dRIC
082 _a244.1000 W11
100 _aWaddell, Helen
_910742
245 _aNarraciones BĂ­blicas
250 _a1 ed. :
_bAurora,
_c1956
300 _a177 p.
650 _aBiblia-Narraciones
_917628
942 _cBK
999 _c13818
_d13818